KOHA-Header-6

Data and Computer Communications (Record no. 9238)

000 -LEADER
fixed length control field 00254nam a2200109Ia 4500
020 ## - INTERNATIONAL STANDARD BOOK NUMBER
ISBN 978-0132433105
100 ## - MAIN ENTRY--AUTHOR NAME
Personal name William Stallings
245 #0 - TITLE STATEMENT
Title Data and Computer Communications
260 ## - PUBLICATION, DISTRIBUTION, ETC. (IMPRINT)
Place of publication New Delhi
Name of publisher McGraw Hill
Year of publication 2017
300 ## - PHYSICAL DESCRIPTION
Number of Pages 104
942 ## - ADDED ENTRY ELEMENTS (KOHA)
Koha item type Books
Holdings
Withdrawn status Lost status Collection code Permanent Location Current Location Shelving location Date acquired Accession Number Koha item type
    Computer Science MAJU MAJU   2019-09-14 4759 Computer Science

Powered by Koha